MULLA THE CODE OF CIVIL PROCEDURE (Record no. 23014)

MARC details
000 -LEADER
fixed length control field 00319nam a22001457a 4500
003 - CONTROL NUMBER IDENTIFIER
control field SGT
020 ## - INTERNATIONAL STANDARD BOOK NUMBER
International Standard Book Number 9789391211127
082 ## - DEWEY DECIMAL CLASSIFICATION NUMBER
Classification number 347.05
Item number JOS
100 ## - MAIN ENTRY--PERSONAL NAME
Personal name JOSEPH, KURIAN
245 ## - TITLE STATEMENT
Title MULLA THE CODE OF CIVIL PROCEDURE
250 ## - EDITION STATEMENT
Edition statement 20
260 ## - PUBLICATION, DISTRIBUTION, ETC. (IMPRINT)
Place of publication, distribution, etc GURGAON
Name of publisher, distributor, etc LEXIS NEXIS
Year of Publication 2022
300 ## - PAGE DESCRIPTION
No. of Pages 4712
942 ## - ADDED ENTRY ELEMENTS (KOHA)
Source of classification or shelving scheme Dewey Decimal Classification
Koha item type Books
Holdings
Withdrawn status Lost status Source of classification or shelving scheme Damaged status Not for loan Collection code Home library Current library Shelving location Date acquired Vendor Name Cost, normal purchase price Volume Information (Serial or Books or Non-Book Material) SGTU Bill Number Total Checkouts Full call number Accession No. (Barcode) Date last seen Bill Date Koha item type
    Dewey Decimal Classification   Not For Loan LAW SGT Science & Social Sciences Library SGT Science & Social Sciences Library Reference Book 18/07/2022 AHUJA BOOK COMPANY 7995.00 I SGTU 14697   347.05 JOS FL2797 18/07/2022 30/06/2022 Books
    Dewey Decimal Classification   Not For Loan LAW SGT Science & Social Sciences Library SGT Science & Social Sciences Library Reference Book 18/07/2022 AHUJA BOOK COMPANY 7995.00 II SGTU 14697   347.05 JOS FL2798 18/07/2022 30/06/2022 Books
    Dewey Decimal Classification   Not For Loan LAW SGT Science & Social Sciences Library SGT Science & Social Sciences Library Reference Book 18/07/2022 AHUJA BOOK COMPANY 7995.00 III SGTU 14697   347.05 JOS FL2799 18/07/2022 30/06/2022 Books